[Event "ch-ROU Men"]
[Site "Sarata Monteoru ROU"]
[Date "2011.02.17"]
[Round "8.28"]
[White "Dan,Cr"]
[Black "Prundeanu,H"]
[Result "1/2-1/2"]
[WhiteElo "1983"]
[BlackElo "2194"]

1.e4 d5 2.exd5 Qxd5 3.Nc3 Qd6 4.Nf3 Nf6 5.d4 a6 6.a3 Bg4 7.Bc4 e6 8.O-O Be7
9.Re1 Nbd7 10.Be3 O-O 11.Be2 Rfd8 12.Ng5 Bxe2 13.Qxe2 Nb6 14.Rad1 Qc6 15.Qf3 Qxf3
16.Nxf3 Nc4 17.Bc1 Nd5 18.Nxd5 Rxd5 19.Ne5 Nxe5 20.Rxe5 Rad8 21.Rxd5 Rxd5
22.Rd3 Bf6 23.Be3 c5 24.c4 Rd8 25.d5 exd5 26.Rxd5 Rxd5 27.cxd5 c4 28.Bc5 Bxb2
29.d6 Bf6 30.Kf1 Bd8 31.Ke2 f5 32.Ke3 Kf7 33.Kd4 b6 34.Bb4 a5 35.Bd2 Ke6
36.Kxc4 Kxd6 37.Kb5 Kd5 38.Be3 Be7 39.Bxb6 Bxa3 40.Bxa5 Bd6 41.h3 g6 42.Bc3 Bc5
43.f3 Be3 44.Kb4  1/2-1/2

[Event "IV Open A"]
[Site "Gora Swietej Anny POL"]
[Date "2011.02.18"]
[Round "8.30"]
[White "Kiryczuk,Artur"]
[Black "Gruca,Z"]
[Result "0-1"]
[WhiteElo "1429"]
[BlackElo "2025"]

1.e4 d5 2.exd5 Qxd5 3.Nc3 Qd8 4.Nf3 Bg4 5.Be2 Nf6 6.O-O e6 7.h3 Bh5 8.d3 Be7
9.Bf4 c6 10.Ne5 Bxe2 11.Qxe2 O-O 12.Ng4 Nbd7 13.Ne4 Nd5 14.Bd2 f5 15.c4 Nc7
16.Nh6+ Kh8 17.Qh5 Qe8 18.Ng3 Qxh5 19.Nxh5 gxh6 20.Bxh6 Rf7 21.Bd2 Bf6 22.Nxf6 Nxf6
23.Bc3 Kg8 24.f3 Rd8 25.d4 Rfd7 26.g4 Kf7 27.h4 h6 28.g5 hxg5 29.hxg5 Nh5
30.Kf2 Kg6 31.Rh1 Rh7 32.c5 Nd5 33.Rae1 Nxc3 34.bxc3 Ng7 35.Rxh7 Kxh7 36.f4 Kg6
37.Kf3 b6 38.Re5 Rd5 39.Rxd5 exd5  0-1

[Event "Frauenbundesliga 1st Div 2010-11"]
[Site "Germany GER"]
[Date "2011.02.20"]
[Round "9.4"]
[White "Voicu,C"]
[Black "Winkelmann,E"]
[Result "1-0"]
[WhiteElo "2316"]
[BlackElo "2106"]

1.e4 d5 2.exd5 Qxd5 3.Nc3 Qd6 4.d4 Nf6 5.Bg5 Bg4 6.Qd2 c6 7.h3 Bf5 8.Nf3 Nbd7
9.O-O-O O-O-O 10.a3 e6 11.Bf4 Qe7 12.g4 Bg6 13.g5 Ne4 14.Nxe4 Bxe4 15.Qe3 Bxf3
16.Qxf3 Nb6 17.c4 Qd7 18.Be2 Be7 19.Qe4 Na8 20.d5 cxd5 21.cxd5 Bd6 22.Bxd6 Qxd6
23.dxe6 Qc6+ 24.Qxc6+ bxc6 25.exf7 Rhf8 26.Bc4 Nc7 27.Rxd8+ Kxd8 28.Rd1+ Ke7
29.f4 g6 30.Kc2 Nb5 31.Re1+ Kd7 32.Re8  1-0

[Event "ch-ROU Men"]
[Site "Sarata Monteoru ROU"]
[Date "2011.02.20"]
[Round "11.32"]
[White "Doros,R"]
[Black "Adoamnei,R"]
[Result "1/2-1/2"]
[WhiteElo "2348"]
[BlackElo "1983"]

1.e4 d5 2.exd5 Qxd5 3.Nc3 Qd8 4.d4 Nf6 5.Nf3 Bg4 6.Be3 c6 7.h3 Bxf3 8.Qxf3 e6
9.Bd3 Bd6 10.O-O Nbd7 11.Ne4 Nxe4 12.Bxe4 Nf6 13.Bd3 Qc7 14.c4 Rd8 15.Rfd1 a6
16.Rac1 e5 17.Bg5 Be7 18.dxe5 Qxe5 19.h4 h6 20.Re1 Qd6 21.Bxf6 Qxf6 22.Qxf6 gxf6
23.Re3 Kf8 24.c5 f5 25.Bxf5 Bxh4 26.Rc2 Kg7 27.Rb3 Rd5 28.Be4 Re5 29.Bf3 Re7
30.Rc4 Bg5 31.Rcb4 Re1+ 32.Kh2 Rc1 33.Rxb7 Rxc5 34.Rd3 Rd8 35.Rc3 Rxc3 36.bxc3 Rd2
37.Bxc6 Rxa2 38.Bd5 Rxf2 39.Ra7 Rf6  1/2-1/2

[Event "ch-ROU Men"]
[Site "Sarata Monteoru ROU"]
[Date "2011.02.20"]
[Round "11.17"]
[White "Horvat,Dan"]
[Black "Senetia,T"]
[Result "1-0"]
[WhiteElo "2171"]
[BlackElo "2218"]

1.e4 d5 2.exd5 Qxd5 3.Nc3 Qd8 4.d4 Nf6 5.Bd3 c6 6.Nge2 Bg4 7.f3 Bh5 8.Be3 e6
9.Nf4 Bg6 10.Qe2 Bd6 11.O-O-O Nbd7 12.Bxg6 hxg6 13.Ne4 Bc7 14.Ng5 Nf8 15.c4 Qe7
16.Rd3 O-O-O 17.Ra3 a6 18.Nd3 N6d7 19.f4 Nb8 20.Ne4 Bb6 21.Rb3 Bxd4 22.Nec5 b5
23.cxb5 axb5 24.a4 Qa7 25.Kb1 Bxe3 26.Qxe3 Rd7 27.axb5 cxb5 28.Rc1 Rc7 29.Rbc3 Kd8
30.Nb4 Ke7 31.Ra3 Nfd7 32.Rxa7 Rxa7 33.Nxe6 fxe6 34.Qxa7 Rxh2 35.Rc7 Rh1+
36.Ka2 Rd1 37.Qxb8  1-0

[Event "2nd Jerry Hanken Memorial"]
[Site "Stillwater USA"]
[Date "2011.02.20"]
[Round "5.9"]
[White "Veal,J"]
[Black "Crumpler,Ken"]
[Result "1-0"]
[WhiteElo "1970"]
[BlackElo "1758"]

1.e4 d5 2.exd5 Qxd5 3.Nc3 Qd6 4.d4 Nf6 5.Bd3 a6 6.Nge2 b5 7.Bf4 Qb6 8.O-O Bb7
9.a3 e6 10.Ng3 Be7 11.Re1 O-O 12.Nf5 Re8 13.Nxe7+ Rxe7 14.Bg5 Nbd7 15.Ne4 Bxe4
16.Bxe4 Rae8 17.Bd3 h6 18.Bh4 c5 19.dxc5 Qxc5 20.b4 Qb6 21.c4 bxc4 22.Bxc4 e5
23.Qe2 a5 24.Bb5 e4 25.bxa5 Qxa5 26.Bxd7 Rxd7 27.Bxf6 Rd2 28.Qg4 g5 29.Rxe4 Rxe4
30.Qxe4 Qb6 31.Qe8+ Kh7 32.Qh8+ Kg6 33.Qg7+  1-0

[Event "61st ch-RUS w 1st League"]
[Site "Ivanovo RUS"]
[Date "2011.02.22"]
[Round "2"]
[White "Petrova,O"]
[Black "Chudinovskikh,Z"]
[Result "1-0"]
[WhiteElo "2230"]
[BlackElo "2105"]

1.e4 d5 2.exd5 Qxd5 3.Nc3 Qd6 4.d4 Nf6 5.Nf3 a6 6.Be2 Bg4 7.h3 Bh5 8.Be3 Nbd7
9.Qd2 b5 10.Bf4 Qc6 11.a3 e6 12.d5 exd5 13.Nd4 Qb7 14.Bxh5 c5 15.Qe2+ Kd8
16.Nb3 Bd6 17.Bxd6 Re8 18.O-O Rxe2 19.Bxe2 Qc6 20.Bg3 Rc8 21.Bf3 Qe6 22.Rad1 Nb6
23.Bh4 d4 24.Ne4 Nd7 25.Rfe1 Qc4 26.Nd6 Qxc2 27.Nxd4 Qxb2 28.Re8+ Kc7 29.Rxc8+ Kxd6
30.Bg3+ Ne5 31.Nc6+ Ke6 32.Nxe5 Qxa3 33.Rc6+ Kf5 34.Ng4 c4 35.Ne3+ Kg6 36.Bf4 Qe7
37.Nd5 Qe8 38.Rxa6 h5 39.Nxf6 gxf6 40.Rdd6 Qe1+ 41.Kh2 c3 42.Rxf6+ Kg7 43.Bh6+ Kg8
44.Ra8+ Kh7 45.Be3 Kg7 46.Rc6 f6 47.Ra7+  1-0

[Event "3rd Batavia-Grolsch"]
[Site "Amsterdam NED"]
[Date "2011.02.24"]
[Round "6"]
[White "Bok,B"]
[Black "Murshed,N"]
[Result "1-0"]
[WhiteElo "2453"]
[BlackElo "2436"]

1.e4 d5 2.exd5 Qxd5 3.Nc3 Qd8 4.d4 Nf6 5.Nf3 Bf5 6.g3 e6 7.Bg2 c6 8.O-O Nbd7
9.Ne2 Be7 10.c4 O-O 11.Nc3 Rc8 12.h3 h6 13.Qe2 Bb4 14.Bd2 a6 15.a3 Bxc3 16.Bxc3 Be4
17.Rfd1 b5 18.b3 Qc7 19.Rac1 Qb7 20.Qe3 Rfe8 21.Bf1 c5 22.Nd2 cxd4 23.Bxd4 Bc6
24.b4 e5 25.Bb2 Qb6 26.Qxb6 Nxb6 27.c5 Nbd5 28.Nb3 e4 29.Nd4 Ba8 30.Nf5 Rcd8
31.c6 Re6 32.Bxf6 gxf6 33.Rxd5 Rxd5 34.c7 Bb7 35.c8=Q+ Bxc8 36.Rxc8+ Kh7
37.Ne3 Rdd6 38.Rc7 Kg6 39.Ra7 f5 40.Ng2 Kf6 41.Nf4 Re8 42.Be2 Rc8 43.Bh5 Ke5
44.Rxf7 Kd4 45.Ne2+ Kc4 46.Rxf5 Kb3 47.Rc5 Rxc5 48.bxc5 Rd1+ 49.Kg2 Kc4 50.c6  1-0

[Event "27th Open"]
[Site "Cappelle la Grande FRA"]
[Date "2011.02.26"]
[Round "1.43"]
[White "Apicella,M"]
[Black "Husari,Sa"]
[Result "1-0"]
[WhiteElo "2531"]
[BlackElo "2306"]

1.e4 d5 2.exd5 Qxd5 3.Nc3 Qd6 4.Nf3 Nf6 5.g3 Bg4 6.Bg2 Nc6 7.h3 Bh5 8.O-O O-O-O
9.d3 h6 10.Be3 e5 11.Qd2 Qd7 12.g4 Bg6 13.Nh4 Bh7 14.Nb5 Be4 15.Nxa7+ Nxa7
16.Qa5 Bxg2 17.Qxa7 Qc6 18.Nxg2 h5 19.g5 Nd5 20.d4 exd4 21.Bxd4 f6 22.c4 Nb6
23.Bxb6 Qxb6 24.Qxb6 cxb6 25.gxf6 gxf6 26.Rfd1 Bd6 27.b3 Be5 28.Rab1 f5 29.Ne3 f4
30.Nd5 Rh6 31.Kg2 f3+ 32.Kxf3 Rf8+ 33.Ke2 Re6 34.Kf1 Rf3 35.Kg2 Rf7 36.Re1 Rg6+
37.Kf1 Bh2 38.Re7 Rg1+ 39.Ke2 Rxf2+ 40.Kxf2 Rxb1 41.Nxb6+ Kd8 42.Rxb7 Rb2+
43.Kf3 Rxa2 44.Rd7+ Ke8 45.Rd3 Bb8 46.Nd7  1-0

[Event "61st ch-RUS w 1st League"]
[Site "Ivanovo RUS"]
[Date "2011.02.26"]
[Round "6"]
[White "Travkina,A"]
[Black "Tomilova,E"]
[Result "1/2-1/2"]
[WhiteElo "2189"]
[BlackElo "2315"]

1.e4 d5 2.exd5 Qxd5 3.Nc3 Qd6 4.d4 c6 5.Bc4 Nf6 6.Nge2 Bf5 7.Bf4 Qb4 8.Bd3 Bxd3
9.Qxd3 e6 10.O-O Nbd7 11.a3 Qb6 12.b4 Be7 13.Na4 Qb5 14.Nc5 Qxd3 15.Nxd3 Nd5
16.c4 Nxf4 17.Nexf4 Bf6 18.Ne2 Nb6 19.Rac1 Rd8 20.Nc5 Rb8 21.Rfd1 O-O 22.f4 g6
23.Kf2 Rfd8 24.Ke3 Nc8 25.Ne4 Bg7 26.g4 Ne7 27.h3 Kf8 28.N2c3 a6 29.Nc5 b5
30.cxb5 axb5 31.Rd3 Nc8 32.Nb3 Nb6 33.Na5 Rbc8 34.Ne2 Rd6 35.Nb7 Rd7 36.Na5 Nd5+
37.Kf3 Rdc7 38.Nc3 Ne7 39.Ne2 Rd8 40.Rc5 Rd5 41.Rxd5 cxd5 42.Nc3 Nc8 43.Nxb5  1/2-1/2

[Event "Lviv Talents FIDE open"]
[Site "Lviv UKR"]
[Date "2011.02.26"]
[Round "4.2"]
[White "Terletsky,O"]
[Black "Zazuliak,A"]
[Result "1-0"]
[WhiteElo "2150"]
[BlackElo "2175"]

1.e4 d5 2.exd5 Qxd5 3.Nc3 Qd8 4.d4 Nf6 5.Bc4 c6 6.Nf3 Bf5 7.Ne5 e6 8.g4 Bg6
9.h4 Nbd7 10.Qe2 Bb4 11.Bd2 Bxc3 12.Bxc3 Be4 13.Rh3 Bd5 14.Bd3 Nxe5 15.dxe5 Nd7
16.Bd2 c5 17.c4 Bg2 18.Rg3 Bc6 19.g5 Qc7 20.f4 O-O-O 21.O-O-O g6 22.h5 Rhe8
23.Rh3 Re7 24.Qf2 b6 25.Bc3 a5 26.hxg6 hxg6 27.Bc2 Nb8 28.Rd6 Red7 29.Rh7 Na6
30.a3 Re7 31.Qe3 Nb8 32.Rxd8+ Qxd8 33.b4 axb4 34.axb4 Nd7 35.b5 Bb7 36.Qh3 Nf8
37.Rh8 Re8 38.Qh6 Nd7 39.Rh7 Rf8 40.Qh3 Qe8 41.Bd1 Qd8 42.Bc2 Qe8 43.Kb2 Rg8
44.Kb3 Nf8 45.Rh6 Nd7 46.Bd1 Nb8 47.Rh7 Rf8 48.Bf3 Bxf3 49.Qxf3 Rh8 50.Rh6 Rf8
51.Rh1 Qe7 52.Rh7 Qd7 53.Rh2 Rd8 54.Rd2 Qc7 55.Rd6 Rxd6 56.exd6 Qxd6 57.Be5 Qd2
58.Bc3 Qc1 59.Qe4 Qd1+ 60.Ka3 Nd7 61.Qa8+ Kc7 62.Qa7+ Kd6 63.Be5+ Nxe5 64.Qxb6+ Ke7
65.Qb7+ Ke8 66.Qc8+ Ke7 67.Qc7+ Ke8 68.Qxe5 Qc2  1-0

[Event "ch-CHI"]
[Site "Santiago CHI"]
[Date "2011.02.26"]
[Round "10"]
[White "Egger,J"]
[Black "Garcia Cardenas,P"]
[Result "1-0"]
[WhiteElo "2449"]
[BlackElo "2316"]

1.e4 d5 2.exd5 Qxd5 3.Nc3 Qd6 4.d4 Nf6 5.Nf3 c6 6.Ne5 Nbd7 7.Nc4 Qc7 8.Qf3 Nb6
9.Ne5 e6 10.Bf4 Bd6 11.Bd3 Nbd5 12.Bg3 Nb4 13.O-O-O Nxd3+ 14.Rxd3 O-O 15.Nc4 Bxg3
16.hxg3 c5 17.Ne4 Nxe4 18.Qxe4 h6 19.Rhd1 Bd7 20.dxc5 Bb5 21.Rc3 Rad8 22.Nd6 Bc6
23.Qf4 Bd5 24.a3 Qc6 25.f3 b6 26.Ne4 Bxe4 27.Rxd8 Rxd8 28.Qxe4 Qxe4 29.fxe4 bxc5
30.Rxc5 Rd4 31.b4 Rxe4 32.Ra5 g5 33.Rxa7 Kg7 34.b5 Re5 35.a4  1-0

[Event "TCh-SUI 2011"]
[Site "Switzerland SUI"]
[Date "2011.02.27"]
[Round "1.4"]
[White "Kurmann,O"]
[Black "Papa,S"]
[Result "1/2-1/2"]
[WhiteElo "2445"]
[BlackElo "2412"]

1.e4 d5 2.exd5 Qxd5 3.Nc3 Qd6 4.d4 Nf6 5.Nf3 g6 6.Nb5 Qb6 7.c4 c6 8.c5 Qd8
9.Nc3 Bg7 10.Bc4 O-O 11.h3 b6 12.O-O Nd5 13.cxb6 axb6 14.Re1 h6 15.Bd2 e6
16.Ne4 Nd7 17.Qc1 Kh7 18.Bd3 c5 19.dxc5 Nxc5 20.Nxc5 bxc5 21.Qxc5 Bxb2 22.Rab1 Bg7
23.a3  1/2-1/2

[Event "27th Open"]
[Site "Cappelle la Grande FRA"]
[Date "2011.02.28"]
[Round "3.67"]
[White "Bejtovic,J"]
[Black "Hildenbrand,P"]
[Result "0-1"]
[WhiteElo "2405"]
[BlackElo "2203"]

1.e4 d5 2.exd5 Qxd5 3.Nc3 Qd6 4.d4 Nf6 5.Nf3 a6 6.g3 Bg4 7.Bg2 Nc6 8.O-O e6
9.h3 Bxf3 10.Qxf3 Qxd4 11.Rd1 Qa7 12.Bf4 Bd6 13.Bxd6 cxd6 14.Rxd6 O-O 15.Qf4 Rac8
16.Rad1 Ne7 17.Qb4 Nc6 18.Qa4 b5 19.Qf4 Na5 20.Ne4 Nd5 21.R6xd5 exd5 22.Nd6 Rcd8
23.Bxd5 Qe7 24.Nf5 Qf6 25.Re1 Kh8 26.Qe4 Nc4 27.Bxc4 bxc4 28.c3 g6 29.Ne3 Rd2
30.Ng4 Qe6 31.Qxe6 fxe6 32.Rxe6 Rxb2 33.Rxa6 h5 34.Nf6 Kg7 35.Ne4 Re2 36.Ra7+ Kh6
37.Re7 Rfxf2 38.a4 Rg2+ 39.Kf1 Rgf2+ 40.Nxf2 Rxe7 41.Nd1 Kg5 42.Kf2 h4 43.gxh4+ Kxh4
44.Ne3 Kxh3 45.Nxc4 g5 46.Nd2 g4 47.a5 g3+ 48.Kf1 Rf7+ 49.Kg1 Rd7  0-1

[Event "27th Open"]
[Site "Cappelle la Grande FRA"]
[Date "2011.02.28"]
[Round "4.42"]
[White "Nilsson,S"]
[Black "Djukic,Ni"]
[Result "0-1"]
[WhiteElo "2344"]
[BlackElo "2494"]

1.e4 d5 2.exd5 Qxd5 3.Nc3 Qd8 4.d4 Nf6 5.Bf4 c6 6.Nf3 Bg4 7.Be2 e6 8.h3 Bh5
9.Ne5 Bxe2 10.Nxe2 Nbd7 11.Qd3 Qa5+ 12.c3 Rd8 13.Nc4 Qd5 14.Ne3 Qe4 15.Qxe4 Nxe4
16.f3 Nef6 17.Nc4 Nd5 18.Nd6+ Bxd6 19.Bxd6 b5 20.Kf2 N7b6 21.Bh2 O-O 22.Rhd1 Rd7
23.Nf4 Nxf4 24.Bxf4 Rfd8 25.Re1 a5 26.a3 a4 27.Re2 Nc4 28.Rae1 Rd5 29.g4 Kf8
30.Kg3 Ke7 31.Be5 Rg8 32.Bf4 Kd7 33.Bc1 Re8 34.Bf4 c5 35.dxc5 Rxc5 36.Be5 f6
37.Bd4 Rd5 38.f4 e5 39.fxe5 fxe5 40.h4 Re7 41.h5 Kd6 42.Kh4 Rf7 43.Be3 Rf3
44.Ba7 Ke6 45.Kg5 Kf7 46.Bb8 h6+ 47.Kh4 Rdd3 48.Rh1 Ke6 49.Rhh2 Kd5 50.Bc7 Rf7
51.Bb8 Rb7  0-1

[Event "Brunei IM1 2011"]
[Site "Bandar Seri Begawan BRU"]
[Date "2011.03.01"]
[Round "4"]
[White "Yee Soon Wei"]
[Black "Barbosa,O PHI"]
[Result "1-0"]
[WhiteElo "2285"]
[BlackElo "2461"]

1.e4 d5 2.exd5 Qxd5 3.Nc3 Qd6 4.d4 Nf6 5.Nf3 Bg4 6.h3 Bh5 7.g4 Bg6 8.Ne5 Nbd7
9.Nxg6 hxg6 10.Bg2 c6 11.O-O e6 12.Re1 Qc7 13.Ne2 Bd6 14.c4 O-O-O 15.Rb1 Bh2+
16.Kf1 e5 17.b4 exd4 18.Qxd4 Kb8 19.Be3 Nb6 20.Qc3 Rhe8 21.a4 Nxa4 22.Qc2 Nb6
23.b5 c5 24.Ra1 Re6 25.g5 Ne8 26.Qa2 Nc8 27.Nc3 Be5 28.Nd5 Qd7 29.Bxc5 Bxa1
30.Rxa1 a6 31.Rb1 axb5 32.Rxb5 Rc6 33.Be3 Nc7 34.Bf4 Nd6 35.Nxc7 Qxc7 36.Bxc6 Qxc6
37.Rd5 b6 38.Qd2 Kc7 39.Qd4  1-0

[Event "TCh-CAT Div Hon"]
[Site "Barcelona ESP"]
[Date "2011.03.06"]
[Round "6.7"]
[White "Perez Manas,B"]
[Black "Bravo Barranco,N"]
[Result "1-0"]
[WhiteElo "2256"]
[BlackElo "2248"]

1.e4 d5 2.exd5 Qxd5 3.Nc3 Qd6 4.d4 c6 5.Bc4 Nf6 6.Nge2 Bf5 7.Bf4 Qb4 8.Bd3 Bxd3
9.Qxd3 e6 10.O-O Be7 11.Bc7 b6 12.a3 Qa5 13.Bxb8 Rxb8 14.d5 Qc5 15.dxe6 O-O
16.exf7+ Rxf7 17.Ne4 Nxe4 18.Qxe4 Bf6 19.c3 Re7 20.Qc2 Qc4 21.Ng3 Rbe8 22.Rad1 Be5
23.Nf5 Re6 24.Qd3 Qb3 25.Rd2 Qa4 26.g3 g6 27.Ne3 b5 28.Qc2 Qxc2 29.Nxc2 Bc7
30.Nd4 Rd6 31.Rfd1 Bb6 32.Nc2 Rf6 33.Kg2 g5 34.Re1 Ref8 35.Ree2 h5 36.Ne3 R8f7
37.Nd1 Kg7 38.h3 Kg6 39.Re4 Rf8 40.h4 g4 41.Re5 Rd8 42.Rxd8 Bxd8 43.Rg5+ Kh6
44.Ne3 Re6 45.Nf5+ Kh7 46.Rxh5+ Kg6 47.Nd4  1-0

[Event "Elitzur Winter GM"]
[Site "Petach Tikva ISR"]
[Date "2011.03.08"]
[Round "7"]
[White "Gerzhoy,L"]
[Black "Kudischewitsch,D"]
[Result "1-0"]
[WhiteElo "2497"]
[BlackElo "2348"]

1.e4 d5 2.exd5 Qxd5 3.Nc3 Qd6 4.d4 Nf6 5.Nf3 a6 6.g3 b5 7.Bg2 Bb7 8.O-O Nbd7
9.Bf4 Qb6 10.a4 b4 11.a5 Qa7 12.Na4 Rc8 13.c4 bxc3 14.bxc3 e6 15.c4 Bd6 16.Nb6 Rd8
17.Nxd7 Nxd7 18.Bg5 Rb8 19.Qa4 Qa8 20.d5 h6 21.Bd2 Ke7 22.Rfe1 Nc5 23.Qc2 Kf8
24.Ne5 Re8 25.Rab1 Qc8 26.Bb4 Ba8 27.Bxc5 Bxc5 28.dxe6 Qxe6 29.Ng6+ Qxg6
30.Rxe8+ Kxe8 31.Qxg6 fxg6 32.Rb8+ Kf7 33.Rxh8 Bxg2 34.Kxg2 Bf8 35.Kf3 g5
36.Ke4  1-0

[Event "ch-SRB"]
[Site "Kragujevac SRB"]
[Date "2011.03.10"]
[Round "10"]
[White "Perunovic,Mil"]
[Black "Milanovic,Da"]
[Result "1/2-1/2"]
[WhiteElo "2565"]
[BlackElo "2517"]

1.e4 d5 2.exd5 Qxd5 3.Nc3 Qd6 4.d4 Nf6 5.Nf3 c6 6.Ne5 Nbd7 7.Nc4 Qc7 8.a4 g6
9.g3 Nb6 10.Nxb6 axb6 11.Bf4 Qd8 12.Bg2 Bg7 13.O-O Be6 14.Re1 Qd7 15.Be5  1/2-1/2

[Event "43rd WGM"]
[Site "Belgrade SRB"]
[Date "2011.03.12"]
[Round "7.3"]
[White "Chelushkina,I"]
[Black "Benderac,A"]
[Result "1/2-1/2"]
[WhiteElo "2314"]
[BlackElo "2305"]

1.e4 d5 2.exd5 Qxd5 3.Nc3 Qd8 4.Nf3 Nf6 5.d4 g6 6.Bc4 Bg7 7.O-O O-O 8.Bg5 c6
9.a4 Bg4 10.Be2 Nbd7 11.h3 Bxf3 12.Bxf3 Qb6 13.Qd2  1/2-1/2

[Event "Frauenbundesliga 1st Div 2010-11"]
[Site "Germany GER"]
[Date "2011.03.12"]
[Round "10"]
[White "Endress,A"]
[Black "Juergens,V"]
[Result "0-1"]
[WhiteElo "2160"]
[BlackElo "2285"]

1.e4 d5 2.exd5 Qxd5 3.Nc3 Qd6 4.d4 Nf6 5.Nf3 c6 6.Ne5 Nbd7 7.Nc4 Qc7 8.Qf3 Nb6
9.Bf4 Qd7 10.Nxb6 axb6 11.Be5 Qf5 12.Qxf5 Bxf5 13.O-O-O e6 14.Bd3 Bxd3 15.Rxd3 b5
16.a3 Be7 17.f3 O-O 18.Rhd1 Nd7 19.Ne4 Nb6 20.Bd6 Rfe8 21.Bxe7 Rxe7 22.g3 Nc4
23.Nd2 Rd7 24.Nxc4 bxc4 25.Rc3 b5 26.Re3 b4 27.h4 Kf8 28.f4 h5 29.Rd2 Rda7
30.c3 bxa3 31.bxa3 Rxa3 32.Rb2 Ra1+ 33.Kc2 Rg1 34.Re5 Raa1 35.Rb8+ Ke7 36.Rb7+ Kf6
37.Re2 Rac1+ 38.Kd2 Rgd1+ 39.Ke3 Rxc3+ 40.Kf2 Rxd4 41.f5 Rb3 42.Rc7 Rd6 43.fxe6 fxe6
44.Rc8 c3 45.Rf8+ Ke7 46.Rf5 Rb5 47.Rf3 Rc5  0-1

[Event "Elitzur Winter GM"]
[Site "Petach Tikva ISR"]
[Date "2011.03.16"]
[Round "9"]
[White "Battaglini,G"]
[Black "Kudischewitsch,D"]
[Result "1/2-1/2"]
[WhiteElo "2413"]
[BlackElo "2348"]

1.e4 d5 2.exd5 Qxd5 3.Nc3 Qd6 4.d4 Nf6 5.Nf3 c6 6.Ne5 Nbd7 7.Nc4 Qc7 8.a4 g6
9.g3 Bg7 10.Bg2 Nb6 11.Nxb6 Qxb6 12.a5 Qa6 13.Qe2 Qxe2+ 14.Nxe2 a6  1/2-1/2

[Event "1st Alpine Ski Open"]
[Site "Anzere SUI"]
[Date "2011.03.17"]
[Round "1.3"]
[White "Berbatov,K"]
[Black "Chatalbashev,B"]
[Result "1/2-1/2"]
[WhiteElo "2454"]
[BlackElo "2602"]

1.e4 d5 2.exd5 Qxd5 3.Nc3 Qd6 4.d4 Nf6 5.Nf3 g6 6.Nb5 Qb6 7.c4 c6 8.Nc3 Bg7
9.h3 O-O 10.Be2 Bf5 11.O-O Rd8 12.Na4 Qc7 13.Be3 Nbd7 14.Qb3 e5 15.dxe5 Nxe5
16.Nxe5 Qxe5 17.Rfd1 Qc7 18.Rxd8+ Rxd8 19.Rd1 Rxd1+ 20.Qxd1  1/2-1/2

[Event "e2e4 Uxbridge Open"]
[Site "Denham ENG"]
[Date "2011.03.19"]
[Round "3"]
[White "Gibbs,Do"]
[Black "Grigoryan,Meri"]
[Result "1-0"]
[WhiteElo "1962"]
[BlackElo "2064"]

1.e4 d5 2.exd5 Qxd5 3.Nc3 Qd6 4.d4 Nf6 5.Be2 a6 6.Bf3 Nc6 7.Nge2 e5 8.Bxc6+ Qxc6
9.dxe5 Bc5 10.Be3 Bxe3 11.fxe3 Ng4 12.Qd4 Be6 13.O-O Rd8 14.Qf4 Qb6 15.Rf3 O-O
16.Raf1 Qa5 17.Rg3 f5 18.h3 Nxe5 19.b4 Qb6 20.Qxe5 Rf7 21.Nd4 Bc8 22.Nd5 Qd6
23.Qxd6 Rxd6 24.Nf4 b6 25.Nd3 g6 26.Ne5 Re7 27.Nc4 Rd5 28.h4 Kg7 29.h5 Bd7
30.hxg6 hxg6 31.Nd2 c5 32.c4 Rde5 33.bxc5 bxc5 34.N4b3 Bc6 35.Rd1 Rxe3 36.Rxe3 Rxe3
37.Kf2 f4 38.Nxc5 Rg3 39.Nf3 g5 40.Ne6+ Kf6 41.Nexg5 Rxg5 42.Nxg5 Kxg5 43.Rd6 Bb7
44.c5 Kf5 45.c6  1-0

[Event "e2e4 Uxbridge Open"]
[Site "Denham ENG"]
[Date "2011.03.20"]
[Round "5"]
[White "Hickman,J"]
[Black "Dargan,P"]
[Result "0-1"]
[WhiteElo "2021"]
[BlackElo "2148"]

1.e4 d5 2.exd5 Qxd5 3.Nc3 Qd6 4.d4 Nf6 5.Nf3 a6 6.g3 b5 7.Bg2 Bb7 8.Bf4 Qb6
9.O-O e6 10.Ne5 Bxg2 11.Kxg2 Qb7+ 12.Qf3 Qxf3+ 13.Kxf3 Bd6 14.a4 b4 15.Ne4 Nxe4
16.Kxe4 Nd7 17.Nxd7 Kxd7 18.Rad1 Bxf4 19.Kxf4 c6 20.Rfe1 Kc7 21.Re5 Rhd8
22.Rd3 Rd5 23.Rg5 Rxg5 24.Kxg5 Rd8 25.Kf4 Kd6 26.Ke4 f5+ 27.Kf4 Ke7 28.h4 Kf6
29.f3 h5 30.g4 hxg4 31.fxg4 Rxd4+  0-1

[Event "Kiev Spring 2011"]
[Site "Kiev UKR"]
[Date "2011.03.20"]
[Round "2.2"]
[White "Lichman,Alexandr"]
[Black "Kernazhitsky,L"]
[Result "0-1"]
[WhiteElo "2044"]
[BlackElo "2342"]

1.e4 d5 2.exd5 Qxd5 3.Nc3 Qd6 4.d4 Nf6 5.Nf3 c6 6.Be2 Bg4 7.Be3 e6 8.Ne5 Bxe2
9.Qxe2 Nbd7 10.Nc4 Qc7 11.g3 Nd5 12.Bd2 Be7 13.a3 O-O 14.O-O Bf6 15.Qe4 b5
16.Ne3 N7b6 17.Qg4 Rad8 18.Ncxd5 Nxd5 19.Nxd5 Rxd5 20.Be3 e5 21.dxe5 Bxe5
22.c3 f5 23.Qb4 f4 24.Bd4 Bxd4 25.cxd4 Qd7 26.Rfe1 Rxd4 27.Qe7 fxg3 28.hxg3 Qxe7
29.Rxe7 Rd2 30.Rc1 Rf6 31.Rce1 Rfxf2 32.Rxa7 h5 33.Re8+ Kh7 34.Re5 Rg2+ 35.Kh1 Rh2+
36.Kg1 Rdg2+ 37.Kf1 Rxb2  0-1

[Event "Kiev Spring 2011"]
[Site "Kiev UKR"]
[Date "2011.03.20"]
[Round "2.10"]
[White "Urbanski,G"]
[Black "Kol'ba,A"]
[Result "1/2-1/2"]
[WhiteElo "2202"]
[BlackElo "1988"]

1.e4 d5 2.exd5 Qxd5 3.Nc3 Qd6 4.Bc4 Nf6 5.h3 a6 6.a4 Nc6 7.Nf3 Ne5 8.Be2 Ng6
9.d3 Bd7 10.Ng5 Bc6 11.O-O Rd8 12.Nge4 Nxe4 13.dxe4 Nf4 14.Qxd6 Nxe2+ 15.Nxe2 Rxd6
16.Bf4 Rd7 17.f3 f6 18.b3 h5 19.Rfd1 g5 20.Rxd7 Kxd7 21.Rd1+ Kc8 22.Be3 g4
23.h4 f5 24.Nd4 gxf3 25.Nxc6 bxc6 26.gxf3 fxe4 27.fxe4 Rg8+ 28.Kf2 Bg7 29.Rg1 Rf8+
30.Ke2 Bf6 31.Bg5 Rg8 32.Kf3 Kd7 33.Rg3 Be5 34.Rg2 Ke6 35.Rf2 Bd4 36.Rd2 Rf8+
37.Ke2 Ke5 38.Bxe7 Rf7 39.Bd8 Kxe4 40.Rd3 Rf2+ 41.Kd1 Rf1+ 42.Ke2 Rf2+  1/2-1/2

[Event "Kiev Spring 2011"]
[Site "Kiev UKR"]
[Date "2011.03.20"]
[Round "3.25"]
[White "Konopatska,Oleksandra"]
[Black "Osmak,Iulija"]
[Result "0-1"]
[WhiteElo "1675"]
[BlackElo "2030"]

1.e4 d5 2.exd5 Qxd5 3.Nc3 Qd6 4.d4 Nf6 5.Nf3 a6 6.h3 Bf5 7.Be3 e6 8.Qd2 Nc6
9.O-O-O O-O-O 10.Ne5 Nxe5 11.dxe5 Qxd2+ 12.Rxd2 Rxd2 13.Bxd2 Nd7 14.f4 h5
15.Bc4 h4 16.Be3 Be7 17.Ne2 g5 18.Nd4 Be4 19.Rg1 Rg8 20.g3 gxf4 21.gxf4 Rxg1+
22.Bxg1 Bg2 23.Bh2 c5 24.Ne2 Bxh3 25.Ng1 Bg2 26.f5 Nb6 27.Bd3 c4 28.Be2 exf5
29.Bh5 Bd5 30.Nh3 Be6 31.Kd1 Nd5 32.Nf4 Nxf4 33.Bxf4 Bd5 34.Ke2 Kd7 35.Bf3 Ke6
36.Bxd5+ Kxd5 37.Ke3 Bc5+ 38.Kf3 Bd4 39.c3 Bxe5 40.Bg5 h3 41.Be3 h2 42.Kg2 Ke4
43.Bf2 Kd3  0-1

[Event "1st Gaudeamus Cup"]
[Site "Bucharest ROU"]
[Date "2011.03.27"]
[Round "5"]
[White "Vijiila,C"]
[Black "Ieran,F"]
[Result "1/2-1/2"]
[WhiteElo "2032"]
[BlackElo "1891"]

1.e4 d5 2.exd5 Qxd5 3.Nc3 Qd6 4.d4 Nc6 5.Nf3 Bg4 6.Be2 Nf6 7.Nb5 Qd7 8.Bf4 Nd5
9.Qd2 a6 10.Nc3 Nxf4 11.Qxf4 Bxf3 12.Bxf3 e6 13.O-O-O Bd6 14.Qg4 O-O 15.g3 Rad8
16.Bg2 b5 17.f4 Ne7 18.Rhe1 b4 19.Ne2 Nd5 20.Bxd5 exd5 21.Qxd7 Rxd7 22.f5 Re8
23.Ng1 Rde7 24.Kd2 Rxe1 25.Rxe1 Rxe1 26.Kxe1 f6 27.Nf3 g6 28.fxg6 hxg6 29.g4 Kg7
30.h3 Kh6 31.Ke2 f5 32.Kd3 fxg4 33.hxg4 Kg7 34.c4 bxc3 35.bxc3 c5 36.dxc5 Bxc5
37.c4 dxc4+ 38.Kxc4 Bd6 39.Kd5 Bb4 40.Ke6 Bc3 41.Ng5 a5 42.Ne4 Bb4 43.a4 Ba3
44.Nd2 Bb4 45.Nf3 Bc3 46.Ng5 Bd2 47.Nf3 Bb4 48.Ne5 Bc3 49.Nf3 Bb4 50.Ne5 Bd2
51.Nc4 Bb4  1/2-1/2

[Event "ch-Moscow S/F 2011"]
[Site "Moscow RUS"]
[Date "2011.03.27"]
[Round "9"]
[White "Apryshko,G"]
[Black "Kutuzov,D"]
[Result "0-1"]
[WhiteElo "2190"]
[BlackElo "2411"]

1.e4 d5 2.exd5 Qxd5 3.Nc3 Qd6 4.d4 Nf6 5.Nf3 a6 6.Ne5 Nc6 7.Nxc6 Qxc6 8.d5 Qd6
9.Qf3 Bg4 10.Qg3 Qxg3 11.hxg3 O-O-O 12.Bc4 b5 13.Bb3 b4 14.Na4 Nxd5 15.f3 Bf5
16.Bg5 f6 17.O-O-O e6 18.Bxd5 Rxd5 19.Rxd5 exd5 20.Be3 Bd6 21.g4 Bg6 22.Bc5 Bf4+
23.Kd1 a5 24.a3 bxa3 25.Bxa3 Re8 26.Bc5 Kd7 27.Bd4 Kc6 28.b3 h6 29.Bc3 Kb5
30.Bd2 Bd6 31.Nc3+ Kc6 32.Re1 Rxe1+ 33.Bxe1 Bb4 34.Bd2 Bf7 35.Ne2 Bxd2 36.Kxd2 Kd6
37.Nd4 Be6 38.Kd3 c5 39.Ne2 f5 40.gxf5 Bxf5+ 41.Kd2 g5 42.Nc3 c4 43.Ne2 h5
44.Nd4 Bd7 45.Kc3 cxb3 46.cxb3 Ke5 47.Kd3 h4 48.Ke3 Be8 49.Kd3 g4 50.fxg4 Kf4
51.Ke2 Kxg4 52.Kf2 Kf4 53.Ke2 Ke4 54.Ne6 Bb5+ 55.Kf2 Kd3 56.Nc5+ Kc3  0-1

[Event "Telin International Open"]
[Site "Jakarta INA"]
[Date "2011.04.05"]
[Round "6.25"]
[White "Verdiana,N"]
[Black "Mahmud,S"]
[Result "1/2-1/2"]
[WhiteElo "1915"]
[BlackElo "2315"]

1.e4 d5 2.exd5 Qxd5 3.Nc3 Qd6 4.d4 c6 5.Nf3 Nf6 6.Ne5 Nbd7 7.Bf4 Qb4 8.Qd2 Nxe5
9.dxe5 Ne4 10.Nxe4 Qxe4+ 11.Be2 Be6 12.O-O-O g6 13.Rhe1 Qa4 14.a3 Bg7 15.Bd3 O-O-O
16.Re4 Qxe4 17.Bxe4 Rxd2 18.Rxd2 Rd8 19.Rxd8+ Kxd8 20.Kd2 Kd7 21.Kd3 Bf5
22.Bxf5+ gxf5 23.Bg3 Ke6 24.f4 f6 25.exf6 Bxf6 26.b3 Bb2 27.a4 Bc1 28.h3 a6
29.c3 b5 30.axb5 axb5 31.Kc2 Be3 32.Kd3 Bg1 33.Bh4 h5 34.Bg5 Kd6 35.Bh6 Bh2
36.Ke3 Bg3 37.Bg7 Kd5 38.Be5 c5 39.Kf3 Be1 40.Ke2 Bh4 41.Kf3 e6 42.g4 hxg4+
43.hxg4 fxg4+ 44.Kxg4 Be1 45.Kf3 Bd2 46.Ke2 Bc1 47.Kf3  1/2-1/2